000 00483nab a22001457 4500
003 ES-SlBCS
005 20250728201547.0
008 250122s2025 it ||||| |||| 00| 0 ita d
040 _aES-SlBCS
_bspa
041 _aita
100 1 _aMicallef, René M.
_9107278
245 1 0 _aChi ci insegnerà a camminare nella speranza?
_b: Spunti dal mondo delle migrazioni
_cRené M. Micallef
773 0 _gVol. 63, fasc. 1, 2025, págs. 51-76
_tStudia Moralia
_wRev445
_x0081-6736
942 _2lcc
_cAR
999 _c901543
_d901543